000 00567cam a22002172a 4500
001 001586
003 AR-FADEU
008 311216n1991####xxu####################dd
020 _a0-521-27643-8
092 _a401.43
_bC957
_eMAESTRIA
100 _aCruse, D. A.
245 _aLexical Semantics
260 _aCambridge
260 _bCambridge University
260 _c1991
300 _a310 p
440 _aCambridge textbooks in linguistics
650 _a/LINGUISTICA/SEMANTICA; SEMANTICA LEXICA/REVISADO//MAESTRIA/
546 _aInglés
942 _cMAESTRIA
999 _c7424
_d7424